000 00819nam a22002297a 4500
005 20170124105930.0
010 _aA-709753
020 _c00.00
_a8121000661
035 _aA-709753
037 _bCen Lib/Ret
040 _aDPL
_bEN
082 _a388.40954
_bPRO
245 _aProblems of urban transport in India :
_cedited by D. Panduranga Rao
_bproceedings of the international seminar held on april 20-22, 1985 /
260 _aNew Delhi
_bInter-India Publications
_c1985
270 _aD-17, Raja Garden Extn.
_bNew Delhi
_e110015
300 _axxiii,376p.
_c21cm(Hb)
500 _aIncludes bibliographical references and index
650 _aUrban transportation
_98052
650 _aUrban transportation policy
_98053
700 _aRao, D. Panduranga
_94979
942 _2ddc
_cEN
_h388.40954
_mPRO
999 _c123791
_d123791